[Event "Skakligaen 2005/06"]
[Site "Denmark"]
[Date "2005.11.05"]
[Round "1.1"]
[White "Hector, Jonny"]
[Black "Hillarp Persson, Tiger"]
[Result "0-1"]
[WhiteElo "2509"]
[BlackElo "2534"]
[PlyCount "50"]
[EventDate "2005.11.05"]
[EventType "team"]
[EventRounds "9"]
[EventCountry "DEN"]
[WhiteTeam "Nordkalotten"]
[BlackTeam "Bronshoj"]
[WhiteTeamCountry "DEN"]
[BlackTeamCountry "DEN"]

1. e4 c5 2. Nf3 d6 3. d4 cxd4 4. Nxd4 Nf6 5. Nc3 a6 6. Bg5 e6 7. f4 Nbd7 8. Qf3
Qc7 9. O-O-O b5 10. Bxf6 Nxf6 11. e5 Bb7 12. Qe3 dxe5 13. Ncxb5 Qb6 14. fxe5
Nd5 15. Qg3 Rc8 16. Kb1 Bc5 17. Qxg7 Rf8 18. Be2 Bxd4 19. Rxd4 axb5 20. Rh4 b4
21. Bd3 Nc3+ 22. Ka1 Qa5 23. bxc3 Bd5 24. c4 b3 25. Kb2 bxa2 0-1

[Event "Skakligaen 2005/06"]
[Site "Denmark"]
[Date "2005.11.05"]
[Round "1.2"]
[White "Pilgaard, Kim"]
[Black "Brynell, Stellan"]
[Result "0-1"]
[WhiteElo "2417"]
[BlackElo "2496"]
[PlyCount "142"]
[EventDate "2005.11.05"]
[EventType "team"]
[EventRounds "9"]
[EventCountry "DEN"]
[WhiteTeam "Bronshoj"]
[BlackTeam "Nordkalotten"]
[WhiteTeamCountry "DEN"]
[BlackTeamCountry "DEN"]

1. e4 e5 2. Nf3 Nc6 3. Bc4 Nf6 4. Ng5 d5 5. exd5 Nxd5 6. d4 Be6 7. O-O Nxd4 8.
Nxe6 fxe6 9. Qh5+ g6 10. Qxe5 Qf6 11. Qe4 O-O-O 12. Nc3 Bc5 13. Bxd5 exd5 14.
Nxd5 Qf5 15. Qxd4 Qxd5 16. Qg4+ Kb8 17. Bh6 Qf7 18. Be3 Bxe3 19. fxe3 Qg7 20.
Qb4 Qe5 21. Rae1 Rhe8 22. Rf7 h5 23. a4 a5 24. Qf4 Qc5 25. c3 Rd2 26. b4 Qxc3
27. bxa5 Rd5 28. Rb1 Rxa5 29. Rf8 Rxf8 30. Qxf8+ Ka7 31. Qf4 b6 32. h3 g5 33.
Qf3 h4 34. e4 Qd4+ 35. Kh1 Rxa4 36. Re1 Qe5 37. Qd3 Kb7 38. Qc2 Rd4 39. Qc3 Rd5
40. Qf3 Rd2 41. Qe3 Rb2 42. Qd3 Rb4 43. Qf3 Rc4 44. Qf7 Rc3 45. Qa2 Rc5 46. Qe2
Ra5 47. Qc4 Ra1 48. Rxa1 Qxa1+ 49. Kh2 Qe5+ 50. Kh1 b5 51. Qc2 c6 52. Qd3 Kc7
53. Qe2 Kb6 54. Qd3 b4 55. Qd8+ Kb5 56. Qd3+ Kc5 57. Qe3+ Kd6 58. Qd2+ Kc5 59.
Qe3+ Kb5 60. Qd3+ Ka5 61. Qd8+ Ka4 62. Qa8+ Kb5 63. Qb7+ Kc5 64. Qa7+ Kc4 65.
Qa6+ Qb5 66. Qa1 b3 67. Qb2 Qc5 68. Qe2+ Kb4 69. e5 Qc1+ 70. Kh2 b2 71. Qe4+
Ka5 0-1

[Event "Skakligaen 2005/06"]
[Site "Denmark"]
[Date "2005.11.05"]
[Round "1.3"]
[White "Nielsen, Lars Aaes"]
[Black "Hoi, Carsten"]
[Result "1/2-1/2"]
[WhiteElo "2182"]
[BlackElo "2382"]
[PlyCount "81"]
[EventDate "2005.11.05"]
[EventType "team"]
[EventRounds "9"]
[EventCountry "DEN"]
[WhiteTeam "Nordkalotten"]
[BlackTeam "Bronshoj"]
[WhiteTeamCountry "DEN"]
[BlackTeamCountry "DEN"]

1. e4 g6 2. d4 Bg7 3. Be3 c6 4. Nc3 d5 5. e5 Qb6 6. Na4 Qc7 7. h3 Nd7 8. f4 b5
9. Nc3 Nb6 10. Nf3 h5 11. Bd3 Nh6 12. Nh4 Nf5 13. Nxf5 Bxf5 14. Bxf5 gxf5 15.
Bf2 e6 16. Ne2 Bf8 17. O-O Be7 18. Nc1 Na4 19. Nd3 c5 20. dxc5 Nxc5 21. Nxc5
Bxc5 22. a4 b4 23. Rc1 Rc8 24. c3 Bxf2+ 25. Rxf2 Qb6 26. cxb4 Kd7 27. a5 Qe3
28. Rc3 Rxc3 29. bxc3 Qxc3 30. Qa4+ Ke7 31. Rc2 Qe3+ 32. Kh1 Rd8 33. Rc7+ Kf8
34. b5 h4 35. Qb4+ Kg7 36. b6 axb6 37. Qe7 Qe1+ 38. Kh2 Qg3+ 39. Kh1 Qe1+ 40.
Kh2 Qg3+ 41. Kh1 1/2-1/2

[Event "Skakligaen 2005/06"]
[Site "Denmark"]
[Date "2005.11.05"]
[Round "1.4"]
[White "Bromann, Thorbjorn"]
[Black "Jakobsen, Peter"]
[Result "1/2-1/2"]
[WhiteElo "2349"]
[BlackElo "2162"]
[PlyCount "85"]
[EventDate "2005.11.05"]
[EventType "team"]
[EventRounds "9"]
[EventCountry "DEN"]
[WhiteTeam "Bronshoj"]
[BlackTeam "Nordkalotten"]
[WhiteTeamCountry "DEN"]
[BlackTeamCountry "DEN"]

1. e4 c5 2. Nf3 d6 3. d4 cxd4 4. Qxd4 a6 5. c4 Nc6 6. Qd2 g6 7. b3 Bg7 8. Nc3
Nf6 9. Bb2 O-O 10. h3 Qa5 11. Rb1 b5 12. Bd3 bxc4 13. Bxc4 Bb7 14. O-O Rac8 15.
Qe3 e6 16. Rfd1 Rfd8 17. a3 Ne7 18. b4 Qc7 19. Bd3 d5 20. Rbc1 Qb8 21. e5 Nd7
22. Na4 Bc6 23. Nc5 a5 24. Bd4 axb4 25. Rb1 b3 26. Rxb3 Qa8 27. Rdb1 Rb8 28.
Ng5 Rxb3 29. Rxb3 h6 30. Nf3 Rb8 31. Bc2 Rxb3 32. Qxb3 Nf5 33. Bxf5 gxf5 34.
Nd3 Bf8 35. Nb4 Bb5 36. Nd2 Qc8 37. Kh2 Qc1 38. Be3 Qc7 39. Bf4 Bc4 40. Qe3 Kh7
41. g4 fxg4 42. hxg4 Qc5 43. Qg3 1/2-1/2

[Event "Skakligaen 2005/06"]
[Site "Denmark"]
[Date "2005.11.05"]
[Round "1.5"]
[White "Koch, Soren Andreas"]
[Black "Brinck Claussen, Bjorn"]
[Result "1/2-1/2"]
[WhiteElo "2106"]
[BlackElo "2306"]
[PlyCount "67"]
[EventDate "2005.11.05"]
[EventType "team"]
[EventRounds "9"]
[EventCountry "DEN"]
[WhiteTeam "Nordkalotten"]
[BlackTeam "Bronshoj"]
[WhiteTeamCountry "DEN"]
[BlackTeamCountry "DEN"]

1. d4 Nf6 2. Nf3 g6 3. c4 Bg7 4. Nc3 d5 5. cxd5 Nxd5 6. e4 Nxc3 7. bxc3 c5 8.
Rb1 O-O 9. Be2 cxd4 10. cxd4 Qa5+ 11. Qd2 Qxd2+ 12. Bxd2 Rd8 13. Be3 b6 14. O-O
Nc6 15. d5 Na5 16. Nd4 Bb7 17. Nb5 e6 18. dxe6 Bxe4 19. exf7+ Kxf7 20. Rbc1 Rd7
21. Bg4 Bf5 22. Bf3 Rad8 23. Nxa7 Rxa7 24. Bxb6 Rdd7 25. Bxa7 Rxa7 26. Bd5+ Be6
27. Rfd1 Bxd5 28. Rxd5 Ke6 29. Rdc5 Kd6 30. Kf1 Be5 31. g3 h5 32. f4 Bf6 33.
R1c2 Ra6 34. Rc8 1/2-1/2

[Event "Skakligaen 2005/06"]
[Site "Denmark"]
[Date "2005.11.05"]
[Round "1.6"]
[White "Carstensen, Jacob"]
[Black "Lilja, Richard"]
[Result "1-0"]
[WhiteElo "2303"]
[BlackElo "2014"]
[PlyCount "130"]
[EventDate "2005.11.05"]
[EventType "team"]
[EventRounds "9"]
[EventCountry "DEN"]
[WhiteTeam "Bronshoj"]
[BlackTeam "Nordkalotten"]
[WhiteTeamCountry "DEN"]
[BlackTeamCountry "DEN"]

1. d4 Nf6 2. c4 g6 3. Nc3 Bg7 4. Nf3 O-O 5. g3 d6 6. Bg2 c5 7. O-O Nc6 8. h3
cxd4 9. Nxd4 Bd7 10. Nc2 Nh5 11. g4 Bxc3 12. bxc3 Ng7 13. Bh6 Be6 14. Nd4 Bd7
15. Rb1 Qc7 16. Nc2 Rab8 17. Ne3 Rfc8 18. f4 Qa5 19. Nd5 Qxa2 20. Nxe7+ Nxe7
21. Qxd6 Bc6 22. Qxe7 Bxg2 23. Qe5 Ne8 24. Kxg2 Qxc4 25. Rf3 f6 26. Qe7 Qf7 27.
Qxf7+ Kxf7 28. f5 g5 29. h4 Rc4 30. Kh3 a5 31. hxg5 a4 32. gxf6 a3 33. Bc1 a2
34. Ra1 Ra8 35. g5 Nd6 36. Bb2 Raa4 37. g6+ hxg6 38. fxg6+ Kxg6 39. Rg1+ Kf7
40. Rg7+ Kf8 41. Rd3 Rh4+ 42. Kg2 Rhg4+ 43. Kf2 Raf4+ 44. Ke1 Ne8 45. Ba3+ Rb4
46. Rd1 Nxg7 47. Bxb4+ Kf7 48. Kd2 Kxf6 49. Ra1 Nf5 50. Rxa2 Ng3 51. Kd3 Ke6
52. Bc5 Nf5 53. Bd4 Rg3+ 54. e3 b5 55. Ra6+ Nd6 56. Bc5 b4 57. Rxd6+ Ke5 58.
Rd4 Rg1 59. cxb4 Rb1 60. Bd6+ Kf5 61. e4+ Ke6 62. Bf4 Rd1+ 63. Kc4 Rg1 64. Rd6+
Ke7 65. Be5 Re1 1-0

[Event "Skakligaen 2005/06"]
[Site "Denmark"]
[Date "2005.11.05"]
[Round "1.7"]
[White "Andersen, Steen"]
[Black "Palm, Nikolaj"]
[Result "0-1"]
[WhiteElo "1994"]
[BlackElo "2231"]
[PlyCount "90"]
[EventDate "2005.11.05"]
[EventType "team"]
[EventRounds "9"]
[EventCountry "DEN"]
[WhiteTeam "Nordkalotten"]
[BlackTeam "Bronshoj"]
[WhiteTeamCountry "DEN"]
[BlackTeamCountry "DEN"]

1. e4 e5 2. Nf3 Nc6 3. Bb5 a6 4. Ba4 Nf6 5. O-O Be7 6. Re1 b5 7. Bb3 d6 8. c3
O-O 9. h3 Na5 10. Bc2 c5 11. d4 Qc7 12. Nbd2 g6 13. Nf1 Re8 14. b3 Bf8 15. a4
exd4 16. cxd4 Bg7 17. Bb2 bxa4 18. Rxa4 Nc6 19. dxc5 dxc5 20. Ne3 Nb4 21. Qa1
Nh5 22. Bxg7 Nxg7 23. Qc3 Re7 24. Nd5 Nxd5 25. exd5 Rxe1+ 26. Qxe1 Bb7 27. Qa5
Qd6 28. Rc4 Rc8 29. Nd2 Bxd5 30. Ne4 Bxe4 31. Bxe4 Ne6 32. Bb7 Rb8 33. Qxa6
Qxa6 34. Bxa6 Rxb3 35. Bc8 Rb5 36. g4 Nd4 37. f4 Ra5 38. Kf2 Kf8 39. Ke3 Ke7
40. Ke4 Kd6 41. h4 Kc7 42. Ba6 Rxa6 43. Rxc5+ Nc6 44. f5 Ra4+ 45. Kf3 Kd6 0-1

[Event "Skakligaen 2005/06"]
[Site "Denmark"]
[Date "2005.11.05"]
[Round "1.8"]
[White "Ligaard, Morten Lund"]
[Black "Noer, Martin Stampe"]
[Result "1-0"]
[WhiteElo "2196"]
[BlackElo "1746"]
[PlyCount "47"]
[EventDate "2005.11.05"]
[EventType "team"]
[EventRounds "9"]
[EventCountry "DEN"]
[WhiteTeam "Bronshoj"]
[BlackTeam "Nordkalotten"]
[WhiteTeamCountry "DEN"]
[BlackTeamCountry "DEN"]

1. d4 d5 2. Nf3 c6 3. c4 Nf6 4. Nc3 dxc4 5. e4 b5 6. e5 Nd5 7. a4 b4 8. Ne4 e6
9. Bxc4 Be7 10. Bg5 O-O 11. Bxe7 Qxe7 12. Rc1 a5 13. O-O Ba6 14. Nfd2 Rc8 15.
Bxa6 Rxa6 16. Nb3 Nd7 17. Qd3 Raa8 18. Rc2 f6 19. exf6 gxf6 20. Rfc1 Nb8 21.
Rc5 Qd8 22. Qh3 Nc7 23. Rh5 Qe7 24. Rxh7 1-0

[Event "Skakligaen 2005/06"]
[Site "Denmark"]
[Date "2005.11.05"]
[Round "1.1"]
[White "Nielsen, Peter Heine"]
[Black "Pedersen, Christian Kyndel"]
[Result "1-0"]
[WhiteElo "2653"]
[BlackElo "2405"]
[PlyCount "101"]
[EventDate "2005.11.05"]
[EventType "team"]
[EventRounds "9"]
[EventCountry "DEN"]
[WhiteTeam "Helsinge"]
[BlackTeam "Nordre"]
[WhiteTeamCountry "DEN"]
[BlackTeamCountry "DEN"]

1. e4 c5 2. Nf3 d6 3. d4 cxd4 4. Nxd4 Nf6 5. Nc3 a6 6. Be3 e5 7. Nb3 Be6 8. f3
h5 9. Be2 Nbd7 10. O-O b5 11. Qd2 Be7 12. Rfd1 O-O 13. Bf1 Qc7 14. Qf2 Rfb8 15.
a4 b4 16. Nd5 Nxd5 17. exd5 Bf5 18. Rac1 Nb6 19. c3 Nxa4 20. cxb4 Qd7 21. Qd2
Bd8 22. Rc6 Qb7 23. Rxd6 Be7 24. Na5 Qxb4 25. Qxb4 Rxb4 26. Rxa6 Rxa6 27. Bxa6
Bc5 28. Bxc5 Nxc5 29. Nc6 Rxb2 30. Ne7+ Kh7 31. Nxf5 Nxa6 32. d6 Rb8 33. Ne7
Nb4 34. d7 Rd8 35. Rd6 g6 36. Kf2 Kg7 37. Ke3 f6 38. Ke4 Kf7 39. Nc8 Nc2 40.
Kd5 Nd4 41. f4 Nf5 42. fxe5 fxe5 43. Kxe5 Nxd6 44. Kxd6 Rh8 45. Ne7 Kf6 46. Nc6
Kf5 47. Kd5 Kf4 48. Kd4 h4 49. Kd3 h3 50. Ke2 hxg2 51. Kf2 1-0

[Event "Skakligaen 2005/06"]
[Site "Denmark"]
[Date "2005.11.05"]
[Round "1.2"]
[White "Christensen, Jan Schleicher"]
[Black "Schandorff, Lars"]
[Result "0-1"]
[WhiteElo "2243"]
[BlackElo "2530"]
[PlyCount "50"]
[EventDate "2005.11.05"]
[EventType "team"]
[EventRounds "9"]
[EventCountry "DEN"]
[WhiteTeam "Nordre"]
[BlackTeam "Helsinge"]
[WhiteTeamCountry "DEN"]
[BlackTeamCountry "DEN"]

1. e4 c6 2. c4 d5 3. cxd5 cxd5 4. exd5 Nf6 5. Nc3 Nxd5 6. Nf3 Nxc3 7. bxc3 g6
8. d4 Bg7 9. Be2 O-O 10. O-O Nc6 11. Bf4 Be6 12. Re1 Rc8 13. Rb1 Qd7 14. Qd2
Rfd8 15. Ng5 Bf5 16. Bc4 e6 17. Rbc1 Na5 18. Bf1 e5 19. Rxe5 Bxe5 20. Bxe5 Qe7
21. Nf3 f6 22. Bg3 Be6 23. Re1 Qf7 24. c4 Nxc4 25. Qb4 Re8 0-1

[Event "Skakligaen 2005/06"]
[Site "Denmark"]
[Date "2005.11.05"]
[Round "1.3"]
[White "Berg, Emanuel"]
[Black "Petersen, Tom Petri"]
[Result "1-0"]
[WhiteElo "2540"]
[BlackElo "2241"]
[PlyCount "91"]
[EventDate "2005.11.05"]
[EventType "team"]
[EventRounds "9"]
[EventCountry "DEN"]
[WhiteTeam "Helsinge"]
[BlackTeam "Nordre"]
[WhiteTeamCountry "DEN"]
[BlackTeamCountry "DEN"]

1. e4 g6 2. d4 Bg7 3. Nc3 Nc6 4. Be3 d5 5. Bb5 dxe4 6. Nge2 Nf6 7. d5 a6 8. Ba4
b5 9. Nxb5 O-O 10. Nxc7 Qxc7 11. Bxc6 Rb8 12. Bf4 Qa5+ 13. b4 Rxb4 14. Bd2 e3
15. fxe3 Qc5 16. Bxb4 Qxb4+ 17. Qd2 Qh4+ 18. g3 Qe4 19. O-O Bh6 20. Nf4 e5 21.
Ng2 Bf5 22. h3 Bg7 23. g4 Bc8 24. Rab1 Qc4 25. Qb4 Qxc2 26. Rf2 Qe4 27. g5 Qxb4
28. Rxb4 Ne8 29. Bxe8 Rxe8 30. Rb8 Kf8 31. h4 Ke7 32. Rc2 Bd7 33. Rxe8+ Bxe8
34. Rc7+ Kd6 35. Rc8 Ke7 36. Ra8 f6 37. Rxa6 fxg5 38. hxg5 h6 39. gxh6 Bxh6 40.
Re6+ Kd7 41. Rxe5 Bf7 42. Nf4 Kd6 43. Re4 g5 44. Nh5 Bxd5 45. Ra4 Bc6 46. Ra5
1-0

[Event "Skakligaen 2005/06"]
[Site "Denmark"]
[Date "2005.11.05"]
[Round "1.4"]
[White "Hoiberg, Nina"]
[Black "Hutters, Tomas"]
[Result "1-0"]
[WhiteElo "2252"]
[BlackElo "2440"]
[PlyCount "75"]
[EventDate "2005.11.05"]
[EventType "team"]
[EventRounds "9"]
[EventCountry "DEN"]
[WhiteTeam "Nordre"]
[BlackTeam "Helsinge"]
[WhiteTeamCountry "DEN"]
[BlackTeamCountry "DEN"]

1. e4 c5 2. Nf3 d6 3. d4 cxd4 4. Qxd4 Bd7 5. Bg5 Nc6 6. Qd2 h6 7. Bh4 g5 8. Bg3
Nf6 9. Nc3 Nh5 10. O-O-O Bg7 11. Bb5 Qa5 12. Bxc6 bxc6 13. Nd4 Rb8 14. Nb3 Bxc3
15. Qxc3 Qxc3 16. bxc3 f6 17. f3 Nf4 18. Bxf4 gxf4 19. g3 fxg3 20. hxg3 h5 21.
g4 Kf7 22. gxh5 Rbg8 23. Rd4 Rg3 24. Ra4 Rxf3 25. Rxa7 Bg4 26. h6 Re3 27. Nd2
Be6 28. a4 Rxc3 29. a5 Ra3 30. Kb2 Ra2+ 31. Kb1 Ra4 32. h7 d5 33. a6 dxe4 34.
Nb3 e3 35. Nc5 Rb8+ 36. Rb7 Rb4+ 37. Rxb4 Rxb4+ 38. Kc1 1-0

[Event "Skakligaen 2005/06"]
[Site "Denmark"]
[Date "2005.11.05"]
[Round "1.5"]
[White "Pedersen, Steffen"]
[Black "Veng, Johny"]
[Result "1-0"]
[WhiteElo "2463"]
[BlackElo "2185"]
[PlyCount "99"]
[EventDate "2005.11.05"]
[EventType "team"]
[EventRounds "9"]
[EventCountry "DEN"]
[WhiteTeam "Helsinge"]
[BlackTeam "Nordre"]
[WhiteTeamCountry "DEN"]
[BlackTeamCountry "DEN"]

1. d4 Nf6 2. c4 g6 3. Nc3 Bg7 4. e4 d6 5. Nf3 O-O 6. Be2 e5 7. O-O exd4 8. Nxd4
Re8 9. f3 Nc6 10. Nxc6 bxc6 11. Bg5 Bb7 12. Qd2 Qc8 13. Rac1 c5 14. Kh1 Bc6 15.
Nd5 Bxd5 16. cxd5 Rb8 17. b3 Rb4 18. Rc4 Rxc4 19. Bxc4 Qb7 20. a4 Rb8 21. Rb1
Nd7 22. Bb5 Ne5 23. Qe2 c6 24. Ba6 Qd7 25. dxc6 Nxc6 26. Bc4 Nd4 27. Qd3 h6 28.
Bf4 Qe7 29. Bg3 Be5 30. f4 Bg7 31. Re1 Kh7 32. Bd5 Re8 33. Qc4 f5 34. Bf7 d5
35. Bxd5 fxe4 36. Rxe4 Qf8 37. Rxe8 Qxe8 38. Bf2 Ne2 39. g3 Nd4 40. Kg2 Qe7 41.
Qd3 Nf5 42. Qe4 Qf8 43. Qe6 Nd4 44. Qd7 a5 45. Qc7 h5 46. h4 Qf5 47. Qxc5 Qd3
48. Qc4 Qd2 49. Be4 Qd1 50. Qf7 1-0

[Event "Skakligaen 2005/06"]
[Site "Denmark"]
[Date "2005.11.05"]
[Round "1.6"]
[White "Pedersen, Karl"]
[Black "Berg, Klaus"]
[Result "0-1"]
[WhiteElo "2244"]
[BlackElo "2404"]
[PlyCount "104"]
[EventDate "2005.11.05"]
[EventType "team"]
[EventRounds "9"]
[EventCountry "DEN"]
[WhiteTeam "Nordre"]
[BlackTeam "Helsinge"]
[WhiteTeamCountry "DEN"]
[BlackTeamCountry "DEN"]

1. e4 d5 2. exd5 Qxd5 3. Nc3 Qa5 4. Bc4 c6 5. d4 Bf5 6. Nf3 e6 7. O-O Nf6 8.
Re1 Bb4 9. Bd2 O-O 10. a3 Bxc3 11. Bxc3 Qc7 12. Bb3 Nbd7 13. Qe2 Ne4 14. Bb4 c5
15. dxc5 Ndxc5 16. Nd4 Nxb3 17. cxb3 Rfe8 18. Qe3 Bg6 19. Nb5 Qd7 20. a4 Nf6
21. Qg3 Nd5 22. Ba3 a6 23. Nd6 Red8 24. a5 b6 25. axb6 Nxb6 26. Rac1 Nd5 27. h4
h5 28. Nc4 Qb7 29. Qf3 Rdb8 30. Ne5 Bf5 31. Nc6 Bg4 32. Qg3 Rc8 33. Ne5 Bf5 34.
Qf3 f6 35. Nc4 Bg4 36. Nd6 Rxc1 37. Rxc1 Bxf3 38. Nxb7 Nf4 39. Rc7 Nxg2 40. Nc5
Nxh4 41. Nxe6 Nf5 42. Rc5 g6 43. Rc3 Re8 44. Rxf3 Rxe6 45. Rd3 Rb6 46. Bc5 Rb5
47. Rc3 a5 48. Kf1 Kf7 49. Ke2 Ke6 50. Kd2 Kd5 51. Ba7 h4 52. Kc2 g5 0-1

[Event "Skakligaen 2005/06"]
[Site "Denmark"]
[Date "2005.11.05"]
[Round "1.7"]
[White "Bekker Jensen, Simon"]
[Black "Hansen, Per"]
[Result "1-0"]
[WhiteElo "2410"]
[BlackElo "2140"]
[PlyCount "61"]
[EventDate "2005.11.05"]
[EventType "team"]
[EventRounds "9"]
[EventCountry "DEN"]
[WhiteTeam "Helsinge"]
[BlackTeam "Nordre"]
[WhiteTeamCountry "DEN"]
[BlackTeamCountry "DEN"]

1. d4 Nf6 2. c4 g6 3. Nc3 Bg7 4. e4 d6 5. Be2 O-O 6. Bg5 c5 7. d5 b5 8. cxb5 a6
9. a4 Qa5 10. Bd2 Qb4 11. f3 Qa5 12. Qc2 Re8 13. Bc4 Nbd7 14. Nge2 Ne5 15. b3
e6 16. O-O Qc7 17. Rab1 exd5 18. Nxd5 Nxd5 19. Bxd5 Bb7 20. Nc3 Rab8 21. Bxb7
Rxb7 22. Rfd1 axb5 23. Nxb5 Qe7 24. Bc3 Rd8 25. Rd5 Qg5 26. Qf2 Qf4 27. Rbd1 c4
28. Bxe5 Bxe5 29. g3 Qf6 30. f4 Ba1 31. bxc4 1-0

[Event "Skakligaen 2005/06"]
[Site "Denmark"]
[Date "2005.11.05"]
[Round "1.8"]
[White "Danstrup, Niels"]
[Black "Bekker Jensen, David"]
[Result "0-1"]
[WhiteElo "2120"]
[BlackElo "2285"]
[PlyCount "52"]
[EventDate "2005.11.05"]
[EventType "team"]
[EventRounds "9"]
[EventCountry "DEN"]
[WhiteTeam "Nordre"]
[BlackTeam "Helsinge"]
[WhiteTeamCountry "DEN"]
[BlackTeamCountry "DEN"]

1. e4 c5 2. c3 Nf6 3. e5 Nd5 4. d4 cxd4 5. cxd4 d6 6. Nf3 Nc6 7. a3 g6 8. Bc4
Nb6 9. Bb5 dxe5 10. Nxe5 Bd7 11. Bxc6 Bxc6 12. Nxc6 bxc6 13. Nc3 Bg7 14. Be3
O-O 15. O-O Nc4 16. b4 e5 17. Ne2 a5 18. Qd3 Nxe3 19. fxe3 axb4 20. axb4 Qe7
21. Rac1 Qxb4 22. Rxc6 Ra3 23. Qe4 Bh6 24. Qd5 Rxe3 25. Rc7 Rxe2 26. Rcxf7
Qxd4+ 0-1

[Event "Skakligaen 2005/06"]
[Site "Denmark"]
[Date "2005.11.05"]
[Round "1.1"]
[White "Rasmussen, Karsten"]
[Black "Pedersen, Nicolai Vesterbaek"]
[Result "1-0"]
[WhiteElo "2455"]
[BlackElo "2521"]
[PlyCount "62"]
[EventDate "2005.11.05"]
[EventType "team"]
[EventRounds "9"]
[EventCountry "DEN"]
[WhiteTeam "Skolerne"]
[BlackTeam "Aalborg"]
[WhiteTeamCountry "DEN"]
[BlackTeamCountry "DEN"]

1. Nf3 Nf6 2. d4 e6 3. c4 b6 4. g3 Ba6 5. Nbd2 Bb4 6. Qc2 Bb7 7. Bg2 Be4 8. Qb3
Bxd2+ 9. Bxd2 O-O 10. O-O d6 11. Rfd1 Nbd7 12. Qe3 Qc8 13. Bh3 h6 14. Nh4 Re8
15. Rac1 a5 16. f3 Bh7 17. Qf2 e5 18. dxe5 dxe5 19. c5 bxc5 20. Be3 c6 21. Rd6
Qb7 22. Rcd1 Nf8 23. Bxh6 Qxb2 24. Qe3 Ng6 25. Bxg7 Nh5 26. R6d2 Qb4 27. Nxg6
Nxg7 28. Nxe5 f6 29. Qh6 Rxe5 30. Rd7 Rg5 31. Qxf6 Qh4 1-0

[Event "Skakligaen 2005/06"]
[Site "Denmark"]
[Date "2005.11.05"]
[Round "1.2"]
[White "Pedersen, Erik"]
[Black "Glud, Jakob Vang"]
[Result "1/2-1/2"]
[WhiteElo "2404"]
[BlackElo "2404"]
[PlyCount "42"]
[EventDate "2005.11.05"]
[EventType "team"]
[EventRounds "9"]
[EventCountry "DEN"]
[WhiteTeam "Aalborg"]
[BlackTeam "Skolerne"]
[WhiteTeamCountry "DEN"]
[BlackTeamCountry "DEN"]

1. d4 d5 2. Nf3 Nf6 3. e3 Bf5 4. c4 e6 5. Nc3 c6 6. Nh4 Bg6 7. Qb3 Qb6 8. Nxg6
hxg6 9. Bd2 Nbd7 10. Be2 Qxb3 11. axb3 a6 12. c5 Be7 13. O-O e5 14. Na2 Ne4 15.
Bc3 Bg5 16. g3 O-O-O 17. Kg2 Rde8 18. Bd3 Ndf6 19. h4 Bh6 20. dxe5 Nxc3 21.
exf6 Ne4 1/2-1/2

[Event "Skakligaen 2005/06"]
[Site "Denmark"]
[Date "2005.11.05"]
[Round "1.3"]
[White "Ochsner, Thomas"]
[Black "Jakobsen, Lars Veno"]
[Result "1-0"]
[WhiteElo "2347"]
[BlackElo "2337"]
[PlyCount "43"]
[EventDate "2005.11.05"]
[EventType "team"]
[EventRounds "9"]
[EventCountry "DEN"]
[WhiteTeam "Skolerne"]
[BlackTeam "Aalborg"]
[WhiteTeamCountry "DEN"]
[BlackTeamCountry "DEN"]

1. e4 c5 2. Nf3 e6 3. c3 Nf6 4. e5 Nd5 5. Bc4 Nb6 6. Bb3 c4 7. Bc2 d6 8. exd6
Bxd6 9. O-O N8d7 10. d4 cxd3 11. Qxd3 Ne5 12. Nxe5 Bxe5 13. Qh3 Bd7 14. Re1 Qc7
15. Nd2 O-O-O 16. Nf3 Bf6 17. Qh5 Ba4 18. Bb3 Bc6 19. Ng5 g6 20. Qg4 Nd5 21. c4
h5 22. Qg3 1-0

[Event "Skakligaen 2005/06"]
[Site "Denmark"]
[Date "2005.11.05"]
[Round "1.4"]
[White "Meyer, Lars August"]
[Black "Christensen, Tobias"]
[Result "0-1"]
[WhiteElo "2259"]
[BlackElo "2322"]
[PlyCount "112"]
[EventDate "2005.11.05"]
[EventType "team"]
[EventRounds "9"]
[EventCountry "DEN"]
[WhiteTeam "Aalborg"]
[BlackTeam "Skolerne"]
[WhiteTeamCountry "DEN"]
[BlackTeamCountry "DEN"]

1. d4 d5 2. Nf3 e6 3. Bg5 Be7 4. Bxe7 Qxe7 5. c3 Nd7 6. e3 c6 7. Nbd2 Nh6 8. h3
O-O 9. Bd3 e5 10. dxe5 Nxe5 11. Nxe5 Qxe5 12. Nf3 Qh5 13. Qc2 Bf5 14. O-O-O
Bxd3 15. Qxd3 Qg6 16. g4 Qxd3 17. Rxd3 f6 18. Rd4 Nf7 19. e4 Ne5 20. Ne1 dxe4
21. Rxe4 Rfe8 22. Kc2 Ng6 23. Rxe8+ Rxe8 24. Nd3 Kf7 25. a4 b6 26. a5 c5 27. c4
Re2+ 28. Kc3 Ne5 29. axb6 axb6 30. Re1 Rxe1 31. Nxe1 f5 32. f4 fxg4 33. fxe5
gxh3 34. Nf3 Ke6 35. Kd3 Kf5 36. e6 Kxe6 37. Ng5+ Kf5 38. Nxh3 Kg4 39. Ng1 h5
40. Ke4 h4 41. Nf3 h3 42. Nh2+ Kg3 43. Nf1+ Kf2 44. Nh2 Kg2 45. Ng4 h2 46. Nxh2
Kxh2 47. Kd5 g5 48. Kc6 g4 49. Kxb6 g3 50. Kxc5 g2 51. Kc6 g1=Q 52. c5 Qd4 53.
b3 Kg3 54. Kb5 Qd3+ 55. Ka5 Qxb3 56. c6 Qb8 0-1

[Event "Skakligaen 2005/06"]
[Site "Denmark"]
[Date "2005.11.05"]
[Round "1.5"]
[White "Kjeldsen, Jens"]
[Black "Nielsen, Steffen Slumstrup"]
[Result "1/2-1/2"]
[WhiteElo "2424"]
[BlackElo "2222"]
[PlyCount "92"]
[EventDate "2005.11.05"]
[EventType "team"]
[EventRounds "9"]
[EventCountry "DEN"]
[WhiteTeam "Skolerne"]
[BlackTeam "Aalborg"]
[WhiteTeamCountry "DEN"]
[BlackTeamCountry "DEN"]

1. d4 Nf6 2. c4 g6 3. Nc3 Bg7 4. e4 d6 5. f3 O-O 6. Bg5 Nbd7 7. Qd2 a6 8. Nh3
c5 9. d5 b5 10. Nf2 Qb6 11. Be2 bxc4 12. O-O a5 13. Rab1 Ba6 14. Bh6 Ne5 15.
Kh1 Rab8 16. Bxg7 Kxg7 17. f4 Nd3 18. Nxd3 cxd3 19. Bxd3 Bxd3 20. Qxd3 Qb4 21.
a3 Qd4 22. Qe2 c4 23. Rbd1 Qc5 24. e5 Nd7 25. Rd2 Qc7 26. Re1 Rb7 27. Ne4 dxe5
28. d6 exd6 29. Nxd6 c3 30. bxc3 Rb3 31. fxe5 Qxc3 32. h3 Nb6 33. Qf2 a4 34.
Rc2 Qg3 35. Qxg3 Rxg3 36. Rc7 Rd3 37. Rf1 Nd5 38. Rfxf7+ Rxf7 39. Rxf7+ Kg8 40.
Ra7 Rxa3 41. Nf7 Re3 42. Nh6+ Kf8 43. Ng4 Re2 44. Rxa4 h5 45. Nf6 Nxf6 46. exf6
Kf7 1/2-1/2

[Event "Skakligaen 2005/06"]
[Site "Denmark"]
[Date "2005.11.05"]
[Round "1.6"]
[White "Hjorth, Torben"]
[Black "Pedersen, Finn"]
[Result "0-1"]
[WhiteElo "2201"]
[BlackElo "2315"]
[PlyCount "70"]
[EventDate "2005.11.05"]
[EventType "team"]
[EventRounds "9"]
[EventCountry "DEN"]
[WhiteTeam "Aalborg"]
[BlackTeam "Skolerne"]
[WhiteTeamCountry "DEN"]
[BlackTeamCountry "DEN"]

1. e4 c6 2. d4 d5 3. e5 Bf5 4. Nf3 e6 5. Be2 c5 6. O-O Nc6 7. c4 dxc4 8. Bxc4
cxd4 9. Bb5 Bc5 10. Nbd2 Nge7 11. Nb3 Qb6 12. Bd3 a5 13. Bf4 a4 14. Nxc5 Qxc5
15. a3 O-O 16. Bg3 Rfd8 17. h3 b5 18. Re1 Na5 19. Bh4 Nb3 20. Rb1 Bxd3 21. Qxd3
Rd5 22. Bxe7 Qxe7 23. Re4 Nc5 24. Qe2 d3 25. Qe3 Nxe4 26. Qxe4 Rad8 27. Rd1 h6
28. Rd2 Qc5 29. g3 Qc4 30. Qe3 b4 31. axb4 Qxb4 32. Kg2 Qb7 33. Kh2 Rb5 34.
Rxd3 Rxd3 35. Qxd3 Rxb2 0-1